000 00480nam a22001697a 4500
082 _aP-825
100 _aRohail, Umar
_951679
245 _aStrength of concrete slab using waste materials
_bSyn-26
260 _aRisalpur,
_bMCE,
_c2019.
300 _a46p.
_bSyn-26
_c30cm.
526 _a0
_b0
_c0
_dP_825
700 _aAhmad, Ashfaq
_9677
700 _aDr Muhammad Rizwan
_934659
700 _aNiazi, Haris Khan
_951680
700 _aVahla, Mateen Farooq
_951681
942 _2ddc
_cBK
999 _c554260
_d554260